| 000 | 00699cam a22002294a 4500 | ||
|---|---|---|---|
| 999 |
_c128075 _d128075 |
||
| 003 | UPN | ||
| 005 | 20240802063709.0 | ||
| 008 | 080519s2006 mx a r 000 j spa d | ||
| 020 | _a9709497812 | ||
| 035 | _aUPN01000155961 | ||
| 040 |
_aUPN _bspa _cUPN |
||
| 049 | _aI | ||
| 050 | 4 |
_aPZ74.9 _bG3.3 |
|
| 100 | 1 |
_aGarcía Esperón, María, _d1964- _931915 |
|
| 245 | 1 | 4 |
_aLas cajas de China / _cMaría García Esperón ; il. Lourdes García Esperón. |
| 260 |
_aMéxico : _bLas Cuevas del Viento, _cc2006. |
||
| 300 |
_a155 p. : _bil. |
||
| 650 | 4 |
_aLiteratura infantil mexicana _910209 |
|
| 650 | 0 |
_aAventuras y aventureros _vLiteratura juvenil _911236 |
|
| 905 | _aInfantil | ||
| 942 |
_2lcc _cLIBRO |
||